Tribhuvan University Central Library

Commedy (Record no. 54777)

MARC details
000 -LEADER
fixed length control field 005190000a22002410004500
082 ## - DEWEY DECIMAL CLASSIFICATION NUMBER
Classification number 809.917
Item number St76c
041 ## - LANGUAGE CODE
Language code of text/sound track or separate title Eng
100 ## - MAIN ENTRY--PERSONAL NAME
Personal name Stott, Andrew
245 ## - TITLE STATEMENT
Title Commedy
260 ## - PUBLICATION, DISTRIBUTION, ETC. (IMPRINT)
Place of publication, distribution, etc New York
Name of publisher, distributor, etc Routledge
Plate or publisher's number for music (Pre-AACR 2) [OBSOLETE, CAN/MARC], [LOCAL, USA] US
260 ## - PUBLICATION, DISTRIBUTION, ETC. (IMPRINT)
Date of publication, distribution, etc [n.d.]
300 ## - PHYSICAL DESCRIPTION
Extent vi, 168p.
500 ## - GENERAL NOTE
General note Bibliography: p.156-164
518 ## - DATE/TIME AND PLACE OF AN EVENT NOTE
Date/time and place of an event note 2010-9-9
653 ## - INDEX TERM--UNCONTROLLED
Uncontrolled term Literature
650 ## - SUBJECT ADDED ENTRY--TOPICAL TERM
Topical term or geographic name as entry element Comics
650 ## - SUBJECT ADDED ENTRY--TOPICAL TERM
Topical term or geographic name as entry element Gender
650 ## - SUBJECT ADDED ENTRY--TOPICAL TERM
Topical term or geographic name as entry element Sexuality
650 ## - SUBJECT ADDED ENTRY--TOPICAL TERM
Topical term or geographic name as entry element Body
650 ## - SUBJECT ADDED ENTRY--TOPICAL TERM
Topical term or geographic name as entry element Politics
650 ## - SUBJECT ADDED ENTRY--TOPICAL TERM
Topical term or geographic name as entry element Marriage
942 ## - ADDED ENTRY ELEMENTS (KOHA)
Koha item type
Holdings
Withdrawn status Lost status Source of classification or shelving scheme Damaged status Not for loan Home library Current library Shelving location Date acquired Total Checkouts Full call number Barcode Date last seen Date checked out Price effective from Koha item type
    Dewey Decimal Classification     Tribhuvan University Central Library Tribhuvan University Central Library New Building 01/18/2011 4 809.917 St76c 135304 07/08/2019 06/13/2019 01/18/2011 General Collections